Adventures in music (Record no. 62220)

MARC details
000 -LEADER
fixed length control field 00405nam a2200145Ia 4500
005 - DATE AND TIME OF LATEST TRANSACTION
control field 20240821152134.0
008 - FIXED-LENGTH DATA ELEMENTS--GENERAL INFORMATION
fixed length control field 240821s9999||||xx |||||||||||||| ||und||
082 ## - DEWEY DECIMAL CLASSIFICATION NUMBER
Classification number 780.72994 AUS
100 ## - MAIN ENTRY--PERSONAL NAME
Personal name Australlian Broadcasting Commission, Melbourne
245 #0 - TITLE STATEMENT
Title Adventures in music
260 ## - PUBLICATION, DISTRIBUTION, ETC.
Place of publication, distribution, etc. Melbourne
Name of publisher, distributor, etc. Athelstan Press
300 ## - PHYSICAL DESCRIPTION
Extent 18p
650 ## - SUBJECT ADDED ENTRY--TOPICAL TERM
Topical term or geographic name entry element ARTS,CRAFTS,MUSIC,SPORTS AND RECREATIONS
942 ## - ADDED ENTRY ELEMENTS (KOHA)
Koha item type Book
Holdings
Withdrawn status Lost status Damaged status Not for loan Home library Current library Date acquired Total checkouts Barcode Date last seen Price effective from Koha item type
        Library and Documentation Division NCERT Library and Documentation Division NCERT 08/21/2024   44870 08/21/2024 08/21/2024 Book